Snížení obsahu PbO v olovnatých sklech a jejich využití v elektrotechnickém prvmyslu

Bibliographic Details
Main Author: Kolář, František (Author)
Format: Article
Language:Czech
PhysicalDescription:Tb. 2.
Subjects:

MARC

LEADER 00000nab a2200000 a 4500
001 vtls000287108
003 SK-MaSNL
005 20260302220429.0
008 111202c1986 xo 0 cze
015 |a SNBRA19rr/mm-uuuuu 
035 |a CL0297226 
040 |a SNKBUCL  |b slo  |c SNKBUCL  |e AACR2 
041 0 |a cze 
044 |a xo  |c SK 
080 |a 666.112.4:621.3  |2 1981 
080 |a 621.3  |2 1981 
080 |a 666.112.4  |2 1981 
100 1 |a Kolář, František  |4 aut  |9 270460 
245 1 0 |a Snížení obsahu PbO v olovnatých sklech a jejich využití v elektrotechnickém prvmyslu  |c František Kolář 
300 |b Tb. 2. 
650 0 7 |a elektrotechnický priemysel  |2 snkbucl  |9 75359 
650 0 7 |a sklo olovnaté  |2 snkbucl  |9 946190 
655 7 |a články zo zborníkov  |2 snkbucl  |9 166140 
773 0 |t BRATECHS 86. Technické sklo vo vývoji a praxi  |d Bratislava : Dom techniky ČSVTS, 1986  |g S. 62-73 
850 |a Slovenská národná knižnica v Martine  |a MTA001 
852 |a SNK  |b KIS3GCP 
958 |a RK 
992 |a RZB 
999 |c 1506972  |d 1508902